| 000 | 00820nam a2200205 a 4500 | ||
|---|---|---|---|
| 003 | 0 | ||
| 005 | 20250620153222.0 | ||
| 008 | 021022s19uu xx 00 eng d | ||
| 050 |
_aPGS GV 1469.34.S83 _b.M112 1998 |
||
| 100 | _aMabini, Apolinario Brian Red | ||
| 245 |
_aThe perceptions of grade 6 male students of Southville International School towards the playing of PC strategy games / _cApolinario Brian Red Mabini. |
||
| 260 |
_aLas PiƱas City, Philippines : _bSouthville International School and Colleges, _c1998. |
||
| 300 |
_aUnpaged : _billustrations ; _c28 cm. |
||
| 504 | _aIncludes bibliographical references. | ||
| 650 |
_aComputer games _vPsychological aspects. |
||
| 650 | _aStrategy games. | ||
| 650 | _aVideo game playing. | ||
| 650 |
_aElementary school students _vAttitudes. |
||
| 942 |
_2lcc _cPASS |
||
| 999 |
_c96106 _d96106 |
||